| 000 | 01274nam0a22003011 4500 | ||
|---|---|---|---|
| 001 | rc\2804466 | ||
| 005 | 20250806210530.0 | ||
| 035 | _a(NLR Aleph) 006930436 | ||
| 090 |
_a35332 _c35332 |
||
| 100 | _a20110915d1944 u y0rusy50 ca | ||
| 101 | 0 | _arus | |
| 102 | _aRU | ||
| 105 | _ay z ||||| | ||
| 200 | 1 |
_aГероизм русского народа в пословицах и поговорках _fСост. К. Муратова, Е. Привалова _gЛенингр. гос. публ. Ордена Труд. Красного знамени б-ка им. М. Е. Салтыкова-Щедрина |
|
| 210 |
_aНовосибирск _cНовосибирское обл. гос. изд-во _d1944 |
||
| 215 |
_a32 с. _d14 см. |
||
| 300 | _aНа обл. составители не указаны | ||
| 320 | _aБиблиогр.: стр. 5 | ||
| 700 | 1 |
_aМуратова _bК. Д. _cд-р филол. наук _f1904-1998 _gКсения Дмитриевна _3RU\NLR\AUTH\770126611 |
|
| 701 | 1 |
_aПривалова _bЕ. |
|
| 801 | 0 |
_aRU _bNLR _gpsbo |
|
| 801 | 1 |
_aRU _bELAR _2rusmarc |
|
| 852 |
_aNLR _jЛ20 Г-2/41 |
||
| 942 | _cBOOK | ||
| 945 | _aРоссийская национальная библиотека | ||
| 980 | _aNB | ||
| 980 | _aBV | ||